Sports Quiz

Random Sports Quiz

NY Jets Retired or Not? Quiz Stats

 Plays Quiz not verified by Sporcle

Challenge
Share
Tweet
Embed
Score 0/10 Timer 00:30
0 Plays Today
Question Answer Wrong Answers
Joe Namath #12 Yes
65.1%
No
5.5%
Curtis Martin #28 Yes
50.5%
No
13.8%
Don Maynard #13 Yes
49.5%
No
8.3%
Abdul Salaam #74 No
48.6%
Yes
12.8%
Vinny Testaverde #16 No
45%
Yes
15.6%
Joe Klecko #73 Yes
43.1%
No
20.2%
Dennis Byrd #90 Yes
40.4%
No
24.8%
Mark Gastineau #99 No
39.4%
Yes
26.6%
Kevin Mawae #68 No
36.7%
Yes
20.2%
Marty Lyons #93 No
36.7%
Yes
18.3%

You're not logged in!

Compare scores with friends on all Sporcle quizzes.
OR
Log In

You Might Also Like...

Show Comments

Extras

Top Quizzes Today


Score Distribution

Your Account Isn't Verified!

In order to create a playlist on Sporcle, you need to verify the email address you used during registration. Go to your Sporcle Settings to finish the process.

Report this User

Report this user for behavior that violates our Community Guidelines.

Details: